000 00848cam a2200265 a 4500
008
020 _a8173195331 (paperbag)
049 _aMAIN
090 _aTJ807.9.I4
_bADV
245 1 0 _aAdvances in renewable energy technologies /
_ceditors, S.H. Pawar, L.A. Ekal.
260 _aNew Delhi :
_bNarosa Pub. House,
_cc2003.
300 _aix, 293 pages. :
_billustrations. ;
_c25 cm
336 _atext
_btxt
_2rdacontent
337 _aunmediated
_bn
_2rdamedia
338 _avolume
_bnc
_2rdacarrier
504 _aIncludes bibliographical references.
650 0 _aRenewable energy sources
_zIndia
_vCongresses.
700 1 _aPawar, S. H.
700 1 _aEkal, L. A.
907 _a.b1038778x
_b21-05-19
_c18-01-18
003
005 20230123141119.0
040 _cNUST
942 _cBOOKS
_kTJ807.9.I4
_mADV
999 _c167911
_d167911